000 00628cam a22002411 4500
001 sa 66000869
003 DLC
005 20260227112217.0
008 890803s1962 ii b 000 0 gujo
010 _asa 66000869
035 _a(OCoLC)20123227
040 _aDLC
_cWaU
_dDLC
042 _apremarc
043 _aa-ii---
050 0 0 _aPK1850
_b.M83
100 1 _aMunshi, Kanaiyalal Maneklal,
_d1887-1971.
245 1 0 _aNarasiṃhayugana kavio.
260 _c1962.
300 _a127 p.
_c20 cm
500 _aIn Gujarati.
504 _aBibliographical footnotes.
650 0 _aGujarati literature
_xHistory and criticism.
999 _c67466
_d67466